Statistics for New Zealand Rugby All Blacks 2021 Debuts

Click here to take the quiz!

General Stats

  • This quiz has been taken 11 times
  • The average score is 3 of 7

Answer Stats

Answer% Correct
Josh Lord
78%
Quinn Tupaea
67%
Finlay Christie
56%
Ethan Blackadder
44%
Ethan De Groot
44%
Samisoni Tau'keiaho
44%
George Bower
11%

Score Distribution

Percentile by Number Answered

Percent of People with Each Score

Your Score History

You have not taken this quiz